<?xml version="1.0" encoding="UTF-8"?>
<marc:record xmlns:marc="http://www.loc.gov/MARC21/slim">
   <marc:leader>00000nam a2200000 a 4500</marc:leader>
   <marc:datafield ind1="1" ind2=" " tag="100">
      <marc:subfield code="a">Ludwig, Sabine</marc:subfield>
      <marc:subfield code="4">aut</marc:subfield>
      <marc:subfield code="e">Verfasser/-in</marc:subfield>
   </marc:datafield>
   <marc:datafield ind1=" " ind2=" " tag="653">
      <marc:subfield code="a">Weihnachten</marc:subfield>
   </marc:datafield>
   <marc:datafield ind1=" " ind2=" " tag="653">
      <marc:subfield code="a">Berlin</marc:subfield>
   </marc:datafield>
   <marc:datafield ind1=" " ind2=" " tag="653">
      <marc:subfield code="a">Freundschaft</marc:subfield>
   </marc:datafield>
   <marc:datafield ind1="0" ind2="0" tag="245">
      <marc:subfield code="a">Juli, Augustus und das Weihnachtsgeheimnis</marc:subfield>
   </marc:datafield>
   <marc:datafield ind1=" " ind2="1" tag="264">
      <marc:subfield code="b">Oetinger Taschenbuch</marc:subfield>
      <marc:subfield code="c">2019</marc:subfield>
   </marc:datafield>
   <marc:datafield ind1="1" ind2=" " tag="520">
      <marc:subfield code="a">Angaben aus der Verlagsmeldung        Juli, Augustus und das Weihnachtsgeheimnis / von Sabine Ludwig     Weihnachten wird alles gut. Oder? Weihnachten in Berlin! Juli ist neu in der Stadt. Sie vermisst ihre Oma und ihren Kater. Hier ist alles groß und grau und kalt. Als sie auf der Treppe zum Dachboden den gleichaltrigen Augustus kennenlernt, hat sie endlich einen Freund gefunden. Doch etwas scheint schiefzulaufen in Augustus Familie  Und dann ist Augustus plötzlich verschwunden. Doch Juli hat eine Idee.</marc:subfield>
   </marc:datafield>
   <marc:datafield ind1="3" ind2=" " tag="024">
      <marc:subfield code="a">9783841505897</marc:subfield>
   </marc:datafield>
</marc:record>
